000 00518nam a2200157 i 4500
001 29759
003 ES-MaACL
005 20250920063033.0
007 t|
008 030122s1892 fr ||||1| fre d
100 1 _aBarrès, Maurice,
_d1862-1923
_925947
245 1 0 _aLe culte du moi
_b: examen de trois ídéologies (sous l'oeil des barbares, un homme libre et le jardin de Bérénice) /
_cMaurice Barrés.
260 _aParís :
_b[s.n.,
_c1892]
852 _aES-MaACL
_jT-1085-F-5
999 _c29759
_d29759